Největší HR výzvy ve středoevropském regionu

Výsledok prieskumu manažmentu ľudských zdrojov vo SVE. Zapojili sa do nej pracovníci HR oddelení v Česku, na Slovensku, v Maďarsku, Poľsku a Rumunsku. Najväčšie minulé, súčasné a budúce výzvy.

Gespeichert in:
Bibliographische Detailangaben
1. Verfasser: Fojtík, David
Format: Buchkapitel
Sprache:Tschechisch
Schlagworte:
Tags: Tag hinzufügen
Keine Tags, Fügen Sie das erste Tag hinzu!

MARC

LEADER 00000naa$a2200000$$$4500
001 0076909
005 20231113131347.6
041 0 |a cze 
044 |a CZ 
245 1 0 |a Největší HR výzvy ve středoevropském regionu  |c David Fojtík 
520 |a Výsledok prieskumu manažmentu ľudských zdrojov vo SVE. Zapojili sa do nej pracovníci HR oddelení v Česku, na Slovensku, v Maďarsku, Poľsku a Rumunsku. Najväčšie minulé, súčasné a budúce výzvy. 
610 2 0 |a riadenie ľudských zdrojov 
610 2 0 |a vzdelávanie 
610 2 0 |a pracovníci odborní 
610 2 0 |a nábor pracovníkov 
610 2 0 |a konkurencia 
610 2 0 |a outsourcing 
610 2 0 |a pohyb síl pracovných medzinárodný 
610 2 0 |a SVE 
100 1 |a Fojtík, David